Estatísticas para Menores países por área A-Z

Clique aqui para jogar o quiz

Estatísticas Gerais

  • Esse quiz foi jogado 619 vezes
  • A pontuação média é 11 de 23

Estatísticas das Respostas

LetraSuperfície (km²)País% Correto
V0,44Vaticano
94%
M2Mônaco
78%
O309 500Omã
67%
S61San Marino
62%
T26Tuvalu
57%
N21Nauru
55%
Z390 757Zimbabue
55%
F18 274Fiji
52%
P459Palau
51%
K811Kiribati
49%
L160Liechtenstein
44%
Q199 951Quirguistão
43%
J10 991Jamaica
42%
A443Antígua e Barbuda
41%
H27 750Haiti
41%
D751Dominica
39%
B430Barbados
38%
R26 338Ruanda
37%
G344Granada
33%
I181Ilhas Marshall
33%
U176 215Uruguai
30%
E175E. F. da Micronésia
25%
C2 235Comores
24%

Distribuição das Pontuações

Percentil de Números Respondidos

Porcentagem de Pessoas com Cada Pontuação

Sua Pontuação Histórica

Você não jogou esse quiz